| 000 | 00785cam a22002531 4500 | ||
|---|---|---|---|
| 001 | 21813 | ||
| 003 | BD-RjUL | ||
| 005 | 20211209000731.0 | ||
| 008 | 140305t1965 ii c b 000 0 eng | ||
| 035 | _a(BD-RjUL)21878 | ||
| 035 | _a(OCoLC)700005 | ||
| 040 |
_aDLC _cOAU _dOCoLC _dDLC _dBD-RjUL _beng |
||
| 041 | _aeng | ||
| 082 | 0 | 4 |
_a828.91209 _bTSE 1965 |
| 245 | 0 | 0 |
_aT. S. Eliot : homage from India ; _bA commemoration volume of 55 essays & elegies / |
| 260 |
_aCalcutta, _bWriters Workshop, _c1965. |
||
| 300 |
_a228 p. : _bport. ; _c23 cm. |
||
| 504 | _aBibliography: p. [227]-228. | ||
| 600 | 1 | 0 |
_aEliot, T. S. _q(Thomas Stearns), _d1888-1965 _xAppreciation _zIndia. _967352 |
| 700 |
_aLal, P., _967346 |
||
| 942 |
_2ddc _cBK |
||
| 999 |
_c21813 _d21813 |
||